| 000 | 00550nam a2200205Ia 4500 | ||
|---|---|---|---|
| 005 | 20250508163625.0 | ||
| 008 | 008 250505s9999 xx 000 0 eng d | ||
| 037 | _aTextBook | ||
| 040 |
_aFEDL _beng _cFEDL |
||
| 041 |
_aeng _2eng |
||
| 084 |
_a370.1, KRI _qFEDL |
||
| 100 | _aKrishnamurti J | ||
| 245 | 0 | _aExploration into insight | |
| 260 |
_aMadras, India _bKrishnamurti Foundation _c1979 |
||
| 300 | _a208p | ||
| 365 |
_aINR _b20 |
||
| 650 | _aEducational philosophy | ||
| 942 |
_cTB _h370.1, KRI |
||
| 999 |
_c1384393 _d1384393 |
||